00422nam a2200121 a 450000500170000000800410001705000180005810000220007624500410009826000440013999900190018395200980020220140414131915.0100915s19uu xx 00 eng d aFICbD95 1998 aDutta, Arup Kumar aThe Kaziranga boys in save the pool. aNew Delhi, India :bRatna Sagar,c1998. c111422d111422 001040aMUbMUcFICd2010-09-15l0oFIC D95 1998pM2139r2014-04-14 00:00:00w2014-04-14yBK